=LDR 00000nam 2200000 4500 =001 INLIS000000000060722 =005 20220323073652 =035 ##$$a 0010-0322000075 =007 ta =008 220323###########################0#ind## =020 ##$$a 978-602-446-303-8 =082 ##$$a 691.1 =084 ##$$a 691.1 Yos s =100 #$$a Yosafat Aji Pranata =245 1#$$a Struktur Kayu : $b Analisis dan Desain Dengan LRFD =260 ##$$a Bandung :$b Remaja Rosdakarya,$c 2019 =300 ##$$a 282 Halaman : $b Ilustrasi ; $c 24 Cm =650 #4$$a Kayu Sebagai Bahan Bangunan =990 ##$$a 09430943 =990 ##$$a 09430943 =990 ##$$a 09430943 =990 ##$$a 09430943